| 000 | 00746cam a22002533a 4500 | ||
|---|---|---|---|
| 001 | 37450 | ||
| 003 | PGUSA | ||
| 005 | 20140828083825.0 | ||
| 008 | 110917s2011||||xxu|||||s|||||000 | eng d | ||
| 040 |
_aPGUSA _beng |
||
| 042 | _adc | ||
| 050 | 4 | _aQH | |
| 100 | 1 |
_aFitch, Henry S. _q(Henry Sheldon), _d1909-2009 |
|
| 245 | 1 | 0 |
_aAspects of Reproduction and Development in the Prairie Vole (Microtus ochrogaster) _h[electronic resource] / _cHenry S. Fitch |
| 260 |
_bProject Gutenberg, _c2011 |
||
| 506 | _aPublic domain in the USA. | ||
| 516 | _aElectronic text | ||
| 653 | _aMicrotus | ||
| 653 | _aPrairie vole | ||
| 653 | _aVoles | ||
| 830 | 0 |
_aProject Gutenberg _v37450 |
|
| 856 | 4 | 0 | _uhttp://www.gutenberg.org/ebooks/37450 |
| 942 | _cEB | ||
| 999 |
_c266704 _d266704 |
||